000 00269nam a22000977a 4500
008 240831b |||||||| |||| 00| 0 eng d
020 _a978812912349
100 _aThakur Kumar Rajesh
_97794
245 _aThe Essentials of Vedic Mathematics
260 _aNew Delhi
_bRupa
_c2019
999 _c12637
_d12637